000 00960nam a2200241 a 4500
003 MX-MxUPN
005 20230309120535.0
008 230222t2021 sp |||||r|||| 000 0 spa d
020 _a9788466665537
040 _aMX-MxUPN
_bspa
_cMX-MxUPN
041 0 _aspa
050 0 0 _aBJ1142
_bM54 2021
100 1 _aMiguel Álvarez, Ana de
_948188
245 1 0 _aÉtica para Celia :
_bcontra la doble verdad
250 _aPrimera edición.
260 _aBarcelona :
_bB,
_c2021, (reimpresión de 2022)
300 _a364 páginas
520 _a"Ética para Celia nos invita a mirar de fente la realidad, el hecho de que nuestra vida se ha levantado sobre una doble verdad, con normas morales y fines vitales distintos para mujeres y hombres. Esta doble verdad se ha ido transformadno, pero no ha desaparecido".
650 4 _aÉtica
_xDiferencias sexuales
_948191
902 _aMarisolLicea/220223
_bVíctor Ruiz/090323
942 _2lcc
_cLIBRO
999 _c209202
_d209202